Guess the number of the alphabet by letter (SCRAMBLED) - Statistics

General Stats
  • This quiz has been taken 82 times
  • The average score is 24 of 26
Answer Stats
Hint Answer % Correct
Q 17
98%
E 5
98%
C 3
96%
A 1
93%
K 11
93%
R 18
93%
T 20
93%
U 21
93%
W 23
93%
D 4
93%
F 6
93%
H 8
93%
J 10
91%
L 12
91%
O 15
91%
B 2
91%
Y 25
91%
G 7
91%
I 9
91%
P 16
89%
S 19
89%
X 24
89%
Z 26
89%
M 13
87%
N 14
87%
V 22
87%
No matching quizzes found
Score Distribution
Percent of People with Each Score
Percentile by Number Answered
Your Score History
You have not taken this quiz